The Soviet Union since World War II
Saved in:
| Corporate Author: | |
|---|---|
| Format: | Book |
| Language: | Undetermined |
| Published: |
Philadelphia
1949
|
| Subjects: | |
| Tags: |
Add Tag
No Tags, Be the first to tag this record!
|
| Institutions: | Trung tâm Học liệu Trường Đại học Cần Thơ |
|---|
| LEADER | 00599nam a2200193Ia 4500 | ||
|---|---|---|---|
| 001 | CTU_86903 | ||
| 008 | 210402s9999 xx 000 0 und d | ||
| 082 | |a 947.084 | ||
| 082 | |b A512 | ||
| 110 | |a American Academy of Political and Social Science | ||
| 245 | 4 | |a The Soviet Union since World War II | |
| 245 | 0 | |c American Academy of Political and Social Science; Philip E. Mosely ed. | |
| 260 | |a Philadelphia | ||
| 260 | |c 1949 | ||
| 650 | |a Soviet Union | ||
| 650 | |x Politics and government | ||
| 650 | |y 1945- | ||
| 904 | |i Nguyên | ||
| 980 | |a Trung tâm Học liệu Trường Đại học Cần Thơ | ||